Дело по ходатайству Сергачского уездного земского собрания Нижегородской губернии, об отсрочке взыскания с крестьян этого уезда ...

Доступно только в Электронных читальных залах Найти на картеНа карте
RUSMARC
00003609nmc2a2200000 x 450
0016a0dc13a-8d3b-4b21-b499-00a02ba77013
00520160105060727.0
100##$a20150224l18831884k l0rusy0189 ca
1010#$arus
102##$aRU
2001#$aДело по ходатайству Сергачского уездного земского собрания Нижегородской губернии, об отсрочке взыскания с крестьян этого уезда казенных платежей второй половины текущего и первой половины будущего годов до урожая 1884 года
$j28 ноября 1883 г. -14 ноября 1884 г.
251##$cДело
300##$aДело
801#0$aRU
$bРГИА
$c20150224
$gRCR
801#1$aRU
$bГлавНИВЦ
$c20150224
$2rusmarc
801#2$aRU
$bПБ им. Б.Н. Ельцина
$c20160105
$gRCR
$2rusmarc
850##$aРГИА
852##$aРГИА
$eФедеральное казенное учреждение "Российский государственный исторический архив" (РГИА)
$j698
937##$hРГИА
$d11191241
$aASBIBLIO_SCAN
462#0$10013826a62a-52d3-408e-b545-2019664385f0
$12001
$a1861-1895 гг.
$1251
$cОпись
$1852
$j50
461#0$10018ef30ad5-ff5c-4840-a721-74c62a200f95
$12001
$aГлавное выкупное учреждение Министерства финансов
$1251
$cФонд
$1852
$j577
215##$a68 л.
$d36,5х26 см
371##$aДокумент не является опубликованным и широко распространяемым
105##$ay###
1222#$ad
035##$a6a0dc13a-8d3b-4b21-b499-00a02ba77013
Формат отображения